000 00271nam a22001217a 4500
008 170527b xxu||||| |||| 00| 0 eng d
041 _aGER
080 _a621.3
100 _a25
101 _aim
245 _aANWENDUNG DIGITALER BAUSTEINE
_cJANSEN, J.H
942 _2udc
_cBK
999 _c14636
_d14636